| Registos Bibliográficos associados ao registo de autoridade |
|
Etiqueta de registo: 00000nam 2200025 450 001 2286104 003 http://id.bnportugal.gov.pt/bib/catbnp/2286104 100 ## $a20260511d2023 k y0pory01030103ba 101 0# $aeng$dpor 102 ## $aPT 105 ## $aa m 000yy 106 ## $ar 200 1# $aSediment circulation and accumulation sensors for in situ continuous monitoring$fTiago André Rodrigues de Matos$gorient. Luís Miguel Valente Gonçalves, Marcos Silva Martins, Renato Filipe Faria Henriques 210 #9 $aPorto$c[s.n.],$d2023 215 ## $aXXIV, 241 p.$cil.$d30 cm 328 #1 $aTese dout. Engenharia Eletrónica Industrial e computadores (Instrumentação e Microssistemas
Eletrónicos), Escola de Engenharia, Universidade do Porto, 2023 700 #1 $aMatos,$bTiago André Rodrigues de$31998090 702 #1 $aGonçalves,$bLuís Miguel Valente$4727$3954848 702 #1 $aMartins,$bMarcos Silva$4727$31596527 702 #1 $92$aHenriques,$bRenato Filipe Faria$4727$31998092 801 #0 $aPT$bBN$gRPC 966 ## $lBN$mFGMON$x1 971 ## $corlando$d20260511
|
|
|